Destete precoz de los lechones /
Guardado en:
| Autor Principal: | |
|---|---|
| Formato: | Libro |
| Publicado: |
Barcelona :
Aedos,
1992
|
| Materias: | |
| Etiquetas: |
Agregar Etiqueta
Sin Etiquetas, Sea el primero en etiquetar este registro!
|
| LEADER | 00515nam a22001815a 4500 | ||
|---|---|---|---|
| 001 | CEM.cems016829 | ||
| 005 | 20121003172006.0 | ||
| 008 | 130507s1992##################000#0#####d | ||
| 003 | CEMS | ||
| 082 | 0 | 4 | |a 636.4 |
| 100 | 1 | |a Brent G | |
| 245 | 1 | 0 | |a Destete precoz de los lechones / |c G Brent, D Hovellr F Ridgeon |
| 260 | |a Barcelona : |b Aedos, |c 1992 | ||
| 300 | |a 189 p. | ||
| 653 | |a Porcinos-alimentación | ||
| 653 | |a Porcinos-destete | ||
| 653 | |a Porcinos | ||
| 859 | |a CEMS |b BIB. CEMS - Agricultura |h 636.4 |i D473 |p A18725.95 |t Ej.1 | ||
